[Event "Titled Tuesday intern op 12th Oct"]
[Site "Chess.com INT"]
[Date "2021.10.12"]
[Round "4"]
[White "Marin Masis, Jose Esteban"]
[Black "Knowles, Kendrick"]
[Result "1-0"]
[WhiteElo "1938"]
[BlackElo "1882"]
[PlyCount "111"]
[EventDate "2021.10.12"]
[EventType "swiss (blitz)"]
[EventRounds "11"]
[EventCountry "USA"]
[SourceTitle "EXT 2023"]
[Source "ChessBase"]
[SourceDate "2022.10.05"]
[SourceVersion "1"]
[SourceVersionDate "2022.10.05"]
[SourceQuality "1"]

1. Nf3 g6 2. e4 Bg7 3. Nc3 e6 4. d4 d5 5. e5 c5 6. dxc5 Nd7 7. Bb5 Ne7 8. Bg5 Qa5 9. Qd2 Nc6 10. Bxc6 bxc6 11. Qd4 Ba6 12. b4 Qc7 13. a4 Nxe5 14. Nxe5 Qxe5+ 15. Qxe5 Bxe5 16. Kd2 Bc4 17. Rab1 a5 18. b5 cxb5 19. axb5 Kd7 20. Na4 Rhb8 21. Nb6+ Rxb6 22. cxb6 a4 23. c3 a3 24. Be3 a2 25. Ra1 Ra3 26. Rhc1 Bxb5 27. Bd4 Bf4+ 28. Be3 Bb8 29. Rc2 Bc4 30. Rb2 e5 31. b7 Kc7 32. Bc5 f5 33. Bxa3 d4 34. cxd4 exd4 35. Rc1 Kd7 36. Ra1 Bf4+ 37. Kd1 d3 38. b8Q Bxb8 39. Rxb8 Kc7 40. Rb2 Kd7 41. Raxa2 Bxa2 42. Rxa2 Ke6 43. Rd2 Kd5 44. Rxd3+ Ke4 45. Rh3 h5 46. Bc1 f4 47. Rh4 g5 48. Rxh5 Kf5 49. Rh8 Kg6 50. Ke2 Kf5 51. Ra8 Ke4 52. Ra4+ Kf5 53. g3 fxg3 54. hxg3 g4 55. f3 gxf3+ 56. Kxf3 1-0

[Event "Olympiad-41"]
[Site "Tromsoe"]
[Date "2014.08.06"]
[Round "5.3"]
[White "Fumey, Enyonam Sewa"]
[Black "Knowles, Kendrick"]
[Result "0-1"]
[WhiteElo "1833"]
[BlackElo "1688"]
[PlyCount "164"]
[EventDate "2014.08.02"]
[EventType "team-swiss"]
[EventRounds "11"]
[EventCountry "NOR"]
[SourceTitle "CBM 162"]
[Source "ChessBase"]
[SourceDate "2014.09.17"]
[SourceVersion "1"]
[SourceVersionDate "2014.09.17"]
[SourceQuality "1"]
[WhiteTeam "Togo"]
[BlackTeam "Bahamas"]
[WhiteTeamCountry "TOG"]
[BlackTeamCountry "BAH"]

1. e4 g6 2. Nf3 Bg7 3. Bc4 Nf6 4. Qe2 d6 5. 0-0 0-0 6. d4 c6 7. c3 Bg4 8. h3 Bxf3 9. Qxf3 Nbd7 10. Be3 b5 11. Bb3 Rc8 12. Nd2 c5 13. a4 a6 14. Qe2 c4 15. Bc2 e5 16. f4 Nh5 17. Qf2 exf4 18. Bxf4 Nxf4 19. Qxf4 Qb6 20. Ra2 b4 21. a5 Qa7 22. Ba4 Ne5 23. Kh1 Nd3 24. Qxd6 b3 25. Raa1 Nxb2 26. Bc6 Rfd8 27. Qa3 Rxc6 28. Qxb2 Qb7 29. Ra4 Rdc8 30. e5 Qd7 31. Ne4 h6 32. Nd6 Rxd6 33. exd6 Qxa4 34. Qf2 Qd7 35. Qf4 g5 36. Qf3 Rc6 37. Qd5 Qxd6 38. Qxf7+ Kh7 39. Qb7 Rc7 40. Qb8 Rd7 41. Qc8 Qc7 42. Qxa6 Rf7 43. Rd1 Bf8 44. Qe6 Qf4 45. Qxc4 Bd6 46. Qd3+ Kg7 47. g3 Qxg3 48. Qxg3 Bxg3 49. Rb1 Ra7 50. Rxb3 Rxa5 51. c4 Bf4 52. Kg2 h5 53. Kf3 h4 54. Ke4 Kf6 55. c5 Ke6 56. d5+ Kd7 57. Rc3 Ra4+ 58. Kf5 Rd4 59. d6 Rd5+ 60. Ke4 Kc6 61. Rc2 Rxc5 62. d7 Bc7 63. Rxc5+ Kxc5 64. Kf5 Bd8 65. Ke4 Kd6 66. Kf5 Kxd7 67. Ke5 Bc7+ 68. Kf5 Bf4 69. Ke4 Ke6 70. Kf3 Kf5 71. Kg2 Ke4 72. Kf2 Be3+ 73. Kg2 Kf4 74. Kh2 Bc1 75. Kg2 Bd2 76. Kf2 Ba5 77. Kg2 Ke3 78. Kh2 Kf3 79. Kg1 Kg3 80. Kh1 Kxh3 81. Kg1 g4 82. Kf2 Kh2 0-1

[Event "Bahamas op 2nd"]
[Site "Nassau"]
[Date "2011.04.16"]
[Round "3"]
[White "Major, Polina"]
[Black "Knowles, Kendrick"]
[Result "0-1"]
[WhiteElo "1675"]
[BlackElo "1400"]
[PlyCount "64"]
[EventDate "2011.04.15"]
[EventType "swiss"]
[EventRounds "4"]
[EventCountry "BAH"]
[SourceTitle "EXT 2015"]
[Source "ChessBase"]
[SourceDate "2014.11.20"]
[SourceVersion "1"]
[SourceVersionDate "2014.11.20"]
[SourceQuality "1"]

1. Nf3 e6 2. g3 Nf6 3. Bg2 Nc6 4. 0-0 d6 5. Nc3 Be7 6. e4 e5 7. d3 Be6 8. Be3 Qd7 9. Qd2 Bh3 10. Rfe1 Bxg2 11. Kxg2 0-0-0 12. Ng5 Rdf8 13. Nf3 h5 14. h4 Ng4 15. Nh2 Nxe3+ 16. Qxe3 Nd4 17. Qd2 f5 18. Nd5 Bd8 19. c3 Nc6 20. b4 fxe4 21. dxe4 Ne7 22. Qe3 c6 23. Nxe7+ Bxe7 24. Qxa7 Kc7 25. Nf3 Qg4 26. Qe3 Rf7 27. Ng5 Bxg5 28. hxg5 h4 29. Rh1 h3+ 30. Kg1 Rf3 31. Qd2 Rhf8 32. Rf1 Rxg3+ 0-1